| 000 | 00404nam a2200145Ia 4500 | ||
|---|---|---|---|
| 008 | 210716s2014 xx 000 0 und d | ||
| 020 | _a9788131524466 | ||
| 041 | _aeng | ||
| 082 | _a658.3 DENA | ||
| 100 | _aDeNisi, Angelo S;Griffin, Ricky W; Sarkar, Anita. | ||
| 245 | _aHR: a South Asian perspective. | ||
| 250 | _a1 | ||
| 260 |
_aNew Delhi _bCengage Learning India Pvt Ltd _c2014 |
||
| 300 | _ax,407 | ||
| 999 |
_c209905 _d209905 |
||